<?xml version="1.0" encoding="UTF-8"?>
<record
    xmlns:xsi="http://www.w3.org/2001/XMLSchema-instance"
    xsi:schemaLocation="http://www.loc.gov/MARC21/slim http://www.loc.gov/standards/marcxml/schema/MARC21slim.xsd"
    xmlns="http://www.loc.gov/MARC21/slim">

  <leader>01541cam a2200349 a 4500</leader>
  <controlfield tag="001">15161744</controlfield>
  <controlfield tag="003">OSt</controlfield>
  <controlfield tag="005">20210414114206.0</controlfield>
  <controlfield tag="008">080130s2008    enk      b    001 0 eng  </controlfield>
  <datafield tag="010" ind1=" " ind2=" ">
    <subfield code="a">  2008004547</subfield>
  </datafield>
  <datafield tag="020" ind1=" " ind2=" ">
    <subfield code="a">9780199234325</subfield>
  </datafield>
  <datafield tag="020" ind1=" " ind2=" ">
    <subfield code="a">0199234329</subfield>
  </datafield>
  <datafield tag="035" ind1=" " ind2=" ">
    <subfield code="a">(OCoLC)ocn191865557</subfield>
  </datafield>
  <datafield tag="035" ind1=" " ind2=" ">
    <subfield code="a">(OCoLC)191865557</subfield>
    <subfield code="z">(OCoLC)192083211</subfield>
  </datafield>
  <datafield tag="040" ind1=" " ind2=" ">
    <subfield code="a">DLC</subfield>
    <subfield code="c">DLC</subfield>
    <subfield code="d">BTCTA</subfield>
    <subfield code="d">BWKUK</subfield>
    <subfield code="d">BWK</subfield>
    <subfield code="d">DLC</subfield>
  </datafield>
  <datafield tag="043" ind1=" " ind2=" ">
    <subfield code="a">e-uk-en</subfield>
    <subfield code="a">e-uk-wl</subfield>
  </datafield>
  <datafield tag="050" ind1="0" ind2="0">
    <subfield code="a">KD7869</subfield>
    <subfield code="b">.H47 </subfield>
  </datafield>
  <datafield tag="082" ind1="0" ind2="0">
    <subfield code="a">345.42</subfield>
    <subfield code="2">22</subfield>
  </datafield>
  <datafield tag="100" ind1="1" ind2=" ">
    <subfield code="a">Herring, Jonathan.</subfield>
  </datafield>
  <datafield tag="245" ind1="1" ind2="0">
    <subfield code="a">Criminal law :</subfield>
    <subfield code="b">text, cases, and materials /</subfield>
    <subfield code="c">Jonathan Herring.</subfield>
  </datafield>
  <datafield tag="250" ind1=" " ind2=" ">
    <subfield code="a">3rd ed.</subfield>
  </datafield>
  <datafield tag="260" ind1=" " ind2=" ">
    <subfield code="a">Oxford ;</subfield>
    <subfield code="a">New York :</subfield>
    <subfield code="b">Oxford University Press,</subfield>
    <subfield code="c">2008.</subfield>
  </datafield>
  <datafield tag="300" ind1=" " ind2=" ">
    <subfield code="a">lxi, 990 p. ;</subfield>
    <subfield code="c">25 cm.</subfield>
  </datafield>
  <datafield tag="504" ind1=" " ind2=" ">
    <subfield code="a">Includes bibliographical references (p. [907]-972) and index.</subfield>
  </datafield>
  <datafield tag="505" ind1="0" ind2=" ">
    <subfield code="a">Content: Actus reus : the conduct element -- Mens rea : the mental element -- Strict liability -- Homicide -- Non-fatal non-sexual offences against the person -- Sexual offences -- Theft, handling and robbery -- Fraud -- Burglary and blackmail -- Criminal damage -- Defences -- The Criminal liability of corporations -- Inchoate offences -- Complicity.</subfield>
  </datafield>
  <datafield tag="650" ind1=" " ind2="0">
    <subfield code="a">Criminal law</subfield>
    <subfield code="z">England.</subfield>
  </datafield>
  <datafield tag="650" ind1=" " ind2="0">
    <subfield code="a">Criminal law</subfield>
    <subfield code="z">Wales.</subfield>
  </datafield>
  <datafield tag="856" ind1="4" ind2="1">
    <subfield code="3">Table of contents only</subfield>
    <subfield code="u">http://www.loc.gov/catdir/toc/ecip0810/2008004547.html</subfield>
  </datafield>
  <datafield tag="906" ind1=" " ind2=" ">
    <subfield code="a">7</subfield>
    <subfield code="b">cbc</subfield>
    <subfield code="c">orignew</subfield>
    <subfield code="d">1</subfield>
    <subfield code="e">ecip</subfield>
    <subfield code="f">20</subfield>
    <subfield code="g">y-gencatlg</subfield>
  </datafield>
  <datafield tag="942" ind1=" " ind2=" ">
    <subfield code="2">lcc</subfield>
    <subfield code="c">BK</subfield>
  </datafield>
  <datafield tag="999" ind1=" " ind2=" ">
    <subfield code="c">2741</subfield>
    <subfield code="d">10241</subfield>
  </datafield>
  <datafield tag="952" ind1=" " ind2=" ">
    <subfield code="0">0</subfield>
    <subfield code="1">0</subfield>
    <subfield code="2">lcc</subfield>
    <subfield code="4">0</subfield>
    <subfield code="7">0</subfield>
    <subfield code="a">WIUC-1</subfield>
    <subfield code="b">WIUC-1</subfield>
    <subfield code="c">LL</subfield>
    <subfield code="d">2014-03-20</subfield>
    <subfield code="l">0</subfield>
    <subfield code="o">KD7869 .H47</subfield>
    <subfield code="p">896/13</subfield>
    <subfield code="r">2014-03-20 00:00:00</subfield>
    <subfield code="t">1</subfield>
    <subfield code="w">2014-03-20</subfield>
    <subfield code="y">BK</subfield>
  </datafield>
  <datafield tag="952" ind1=" " ind2=" ">
    <subfield code="0">0</subfield>
    <subfield code="1">0</subfield>
    <subfield code="2">lcc</subfield>
    <subfield code="4">0</subfield>
    <subfield code="7">0</subfield>
    <subfield code="a">WIUC-1</subfield>
    <subfield code="b">WIUC-1</subfield>
    <subfield code="c">LL</subfield>
    <subfield code="d">2014-03-20</subfield>
    <subfield code="l">0</subfield>
    <subfield code="o">KD7869 .H471</subfield>
    <subfield code="p">897/13</subfield>
    <subfield code="r">2014-03-20 00:00:00</subfield>
    <subfield code="t">2</subfield>
    <subfield code="w">2014-03-20</subfield>
    <subfield code="y">BK</subfield>
  </datafield>
  <datafield tag="952" ind1=" " ind2=" ">
    <subfield code="0">0</subfield>
    <subfield code="1">0</subfield>
    <subfield code="2">lcc</subfield>
    <subfield code="4">0</subfield>
    <subfield code="7">0</subfield>
    <subfield code="a">WIUC-KL</subfield>
    <subfield code="b">WIUC-KL</subfield>
    <subfield code="c">LL</subfield>
    <subfield code="d">2023-05-31</subfield>
    <subfield code="l">0</subfield>
    <subfield code="o">KD7869 .H47(3e)</subfield>
    <subfield code="p">KSL/1978/241/23</subfield>
    <subfield code="r">2023-06-22 00:00:00</subfield>
    <subfield code="t">1</subfield>
    <subfield code="w">2014-03-20</subfield>
    <subfield code="y">BK</subfield>
  </datafield>
  <datafield tag="952" ind1=" " ind2=" ">
    <subfield code="0">0</subfield>
    <subfield code="1">0</subfield>
    <subfield code="2">lcc</subfield>
    <subfield code="4">0</subfield>
    <subfield code="7">0</subfield>
    <subfield code="a">WIUC-KL</subfield>
    <subfield code="b">WIUC-KL</subfield>
    <subfield code="c">LL</subfield>
    <subfield code="d">2023-05-31</subfield>
    <subfield code="l">0</subfield>
    <subfield code="o">KD7869 .H471(3e)</subfield>
    <subfield code="p">KSL/1979/242/23</subfield>
    <subfield code="r">2023-06-22 00:00:00</subfield>
    <subfield code="t">2</subfield>
    <subfield code="w">2014-03-20</subfield>
    <subfield code="y">BK</subfield>
  </datafield>
  <datafield tag="952" ind1=" " ind2=" ">
    <subfield code="0">0</subfield>
    <subfield code="1">0</subfield>
    <subfield code="2">lcc</subfield>
    <subfield code="4">0</subfield>
    <subfield code="7">0</subfield>
    <subfield code="a">WIUC-KL</subfield>
    <subfield code="b">WIUC-KL</subfield>
    <subfield code="c">LL</subfield>
    <subfield code="d">2023-05-31</subfield>
    <subfield code="l">0</subfield>
    <subfield code="o">KD7869 .H472(3e)</subfield>
    <subfield code="p">KSL/1980/243/23</subfield>
    <subfield code="r">2023-06-22 00:00:00</subfield>
    <subfield code="t">3</subfield>
    <subfield code="w">2014-03-20</subfield>
    <subfield code="y">BK</subfield>
  </datafield>
  <datafield tag="952" ind1=" " ind2=" ">
    <subfield code="0">0</subfield>
    <subfield code="1">0</subfield>
    <subfield code="2">lcc</subfield>
    <subfield code="4">0</subfield>
    <subfield code="7">0</subfield>
    <subfield code="a">WIUC-1</subfield>
    <subfield code="b">WIUC-1</subfield>
    <subfield code="c">REF LAW SECTION</subfield>
    <subfield code="d">2024-07-18</subfield>
    <subfield code="l">0</subfield>
    <subfield code="o">KD7869 .H47(3e)</subfield>
    <subfield code="p">060/060/24</subfield>
    <subfield code="r">2024-07-18 00:00:00</subfield>
    <subfield code="t">1</subfield>
    <subfield code="w">2024-07-18</subfield>
    <subfield code="y">BK</subfield>
  </datafield>
  <datafield tag="952" ind1=" " ind2=" ">
    <subfield code="0">0</subfield>
    <subfield code="1">0</subfield>
    <subfield code="2">lcc</subfield>
    <subfield code="4">0</subfield>
    <subfield code="7">0</subfield>
    <subfield code="a">WIUC-1</subfield>
    <subfield code="b">WIUC-1</subfield>
    <subfield code="c">REF LAW SECTION</subfield>
    <subfield code="d">2024-07-18</subfield>
    <subfield code="l">0</subfield>
    <subfield code="o">KD7869 .H471(3e)</subfield>
    <subfield code="p">061/061/24</subfield>
    <subfield code="r">2024-07-18 00:00:00</subfield>
    <subfield code="t">2</subfield>
    <subfield code="w">2024-07-18</subfield>
    <subfield code="y">BK</subfield>
  </datafield>
  <datafield tag="952" ind1=" " ind2=" ">
    <subfield code="0">0</subfield>
    <subfield code="1">0</subfield>
    <subfield code="2">lcc</subfield>
    <subfield code="4">0</subfield>
    <subfield code="7">0</subfield>
    <subfield code="a">WIUC-1</subfield>
    <subfield code="b">WIUC-1</subfield>
    <subfield code="c">LL</subfield>
    <subfield code="d">2024-07-18</subfield>
    <subfield code="l">0</subfield>
    <subfield code="o">KD7869 .H47(3e)</subfield>
    <subfield code="p">3362/467/24</subfield>
    <subfield code="r">2024-07-18 00:00:00</subfield>
    <subfield code="t">1</subfield>
    <subfield code="w">2024-07-18</subfield>
    <subfield code="y">BK</subfield>
  </datafield>
  <datafield tag="952" ind1=" " ind2=" ">
    <subfield code="0">0</subfield>
    <subfield code="1">0</subfield>
    <subfield code="2">lcc</subfield>
    <subfield code="4">0</subfield>
    <subfield code="7">0</subfield>
    <subfield code="a">WIUC-1</subfield>
    <subfield code="b">WIUC-1</subfield>
    <subfield code="c">LL</subfield>
    <subfield code="d">2024-07-18</subfield>
    <subfield code="l">0</subfield>
    <subfield code="o">KD7869 .H471(3e)</subfield>
    <subfield code="p">3363/468/24</subfield>
    <subfield code="r">2024-07-18 00:00:00</subfield>
    <subfield code="t">2</subfield>
    <subfield code="w">2024-07-18</subfield>
    <subfield code="y">BK</subfield>
  </datafield>
</record>
